000 02493cam a2200277 4500500
005 20251228051337.0
041 _afre
042 _adc
100 1 0 _aBissouma, Anna-Corinne
_eauthor
700 1 0 _aYapi, Lawrence
_eauthor
245 0 0 _aParentalisation du soignant et soins aux enfants autistes à Abidjan
260 _c2020.
500 _a5
520 _aL’ouverture d’un centre pour enfants avec troubles autistiques a obligé une équipe de professionnels ivoiriens à mettre en place de nouvelles modalités thérapeutiques. L’autisme et les soins mis en place ont induit une relation de soin empreinte d’affectivité, influencée par la culture africaine, ce qui s’entend dans la nomination du soignant. Nommé « tonton » ou « tata », cette appellation du soignant ouvre à la familiarité et à l’intimité en estompant la distance relationnelle inhérente aux soins. De fait, le soignant est placé ou se place en position parentale influencée par les étiquettes identitaires attribuées par les enfants. Doit-il réellement occuper cette place ? Les auteures questionnent aussi bien la distance relationnelle physique et psychique, le jeu relationnel et la triangulation qui se fabrique aux frontières de l’intimité.
520 _aThe opening of a centre for children with autistic disorders forced a team of Ivorian professionals to set up new therapeutic modalities. Autism and the care that have been put in place have led to an affective care relationship, influenced by African culture, which is evident in the appointment of the caregiver. Named “uncle” or “auntie”, this naming of the caregiver opens up familiarity and intimacy by blurring the relational distance inherent in care. The caregivers are placed or place themselves in a parental position influenced by the identity labels assigned by the children. Should they really occupy this place?The authors question the physical and psychic relational distance, the relational game and the triangulation that takes place at the frontiers of intimacy.
690 _aautisme
690 _anomination
690 _aparentalisation
690 _aRelation soignant soigné
690 _aautism
690 _anaming
690 _aparentalisation
690 _aPatient-caregiver relationship
786 0 _nCliniques | 20 | 2 | 2020-10-16 | p. 108-122 | 2115-8177
856 4 1 _uhttps://shs.cairn.info/revue-cliniques-2020-2-page-108?lang=fr&redirect-ssocas=7080
999 _c1581748
_d1581748